[Event "Gibtelecom Masters 2nd"]
[Site "Gibraltar"]
[Date "2004.02.02"]
[Round "7.13"]
[White "Al Sayed, Mohamad Naser"]
[Black "Rowson, Jonathan"]
[Result "0-1"]
[WhiteElo "2446"]
[BlackElo "2547"]
[PlyCount "86"]
[EventDate "2004.01.27"]
[EventType "swiss"]
[EventRounds "10"]
[EventCountry "GGB"]
[SourceTitle "BritBase"]
[Source "www.saund.co.uk"]
[SourceDate "2018.02.10"]
[SourceVersion "1"]
[SourceVersionDate "2018.02.10"]
[SourceQuality "1"]

1. e4 c5 2. Nc3 d6 3. Nf3 Nf6 4. d4 cxd4 5. Nxd4 a6 6. f4 e6 7. Qf3 Qb6 8. Nb3
Qc7 9. g4 b5 10. Bd3 Bb7 11. Bd2 b4 12. Ne2 d5 13. Ng3 dxe4 14. Nxe4 Nbd7 15.
O-O-O Rc8 16. Qe2 Nxe4 17. Bxe4 Bxe4 18. Qxe4 Nf6 19. Qd3 Nxg4 20. Rdf1 Qc4 21.
Qxc4 Rxc4 22. f5 e5 23. h3 Nf6 24. Re1 Nd7 25. Na5 Rc5 26. Bxb4 Rxc2+ 27. Kxc2
Bxb4 28. Nc4 Bxe1 29. Rxe1 f6 30. Rd1 Ke7 31. Rd6 Rc8 32. Re6+ Kd8 33. b3 Nb8
34. Rb6 Kc7 35. Kc3 Rd8 36. Kb4 Rd5 37. a4 Nc6+ 38. Kc3 e4 39. Rxa6 Rd3+ 40.
Kb2 e3 41. Ra8 e2 42. Re8 Ne5 43. Nxe5 Rd2+ 0-1

[Event "Gibtelecom Masters 2nd"]
[Site "Gibraltar"]
[Date "2004.02.02"]
[Round "7.14"]
[White "Motwani, Paul"]
[Black "Howell, David"]
[Result "1-0"]
[WhiteElo "2537"]
[BlackElo "2304"]
[PlyCount "59"]
[EventDate "2004.01.27"]
[EventType "swiss"]
[EventRounds "10"]
[EventCountry "GGB"]
[SourceTitle "BritBase"]
[Source "www.saund.co.uk"]
[SourceDate "2018.02.10"]
[SourceVersion "1"]
[SourceVersionDate "2018.02.10"]
[SourceQuality "1"]

1. d4 Nf6 2. Nf3 g6 3. g3 Bg7 4. Bg2 O-O 5. O-O d5 6. Ne5 Nfd7 7. f4 c5 8. Nxd7
Nxd7 9. dxc5 Nxc5 10. Qxd5 Qb6 11. Be3 Qxb2 12. Nd2 Na4 13. Qb3 Bd4 14. Nc4
Bxe3+ 15. Nxe3 Qxb3 16. axb3 Nc3 17. Kf2 a6 18. Ra5 Rb8 19. Rc5 Nb5 20. Nd5 Re8
21. Nc7 b6 22. Rxb5 axb5 23. Nxe8 Bf5 24. Nc7 Bxc2 25. b4 Ba4 26. Bc6 Rc8 27.
Bxb5 Bb3 28. Rc1 f6 29. Rc3 Bf7 30. Nd5 1-0

[Event "Gibtelecom Masters 2nd"]
[Site "Gibraltar"]
[Date "2004.02.02"]
[Round "7.16"]
[White "McNab, Colin"]
[Black "Cramling, Pia"]
[Result "1/2-1/2"]
[WhiteElo "2388"]
[BlackElo "2488"]
[PlyCount "55"]
[EventDate "2004.01.27"]
[EventType "swiss"]
[EventRounds "10"]
[EventCountry "GGB"]
[SourceTitle "BritBase"]
[Source "www.saund.co.uk"]
[SourceDate "2018.02.10"]
[SourceVersion "1"]
[SourceVersionDate "2018.02.10"]
[SourceQuality "1"]

1. c4 e5 2. Nc3 Bb4 3. Nd5 Bc5 4. Nf3 c6 5. Nc3 d6 6. e3 Qe7 7. d4 exd4 8. Nxd4
Nf6 9. Be2 O-O 10. O-O Rd8 11. b3 d5 12. cxd5 Nxd5 13. Nxd5 Rxd5 14. Bf3 Bxd4
15. exd4 Rd8 16. Re1 Be6 17. Bf4 Qb4 18. Be3 Na6 19. Be4 Qf8 20. Rc1 Nc7 21.
Qh5 f5 22. Bd3 Qf7 23. Qf3 Rac8 24. h4 f4 25. Qxf4 Qxf4 26. Bxf4 Rxd4 27. Bxc7
Rxc7 28. Bxh7+ 1/2-1/2

[Event "Gibtelecom Masters 2nd"]
[Site "Gibraltar"]
[Date "2004.02.02"]
[Round "7.17"]
[White "Contin, Daniel"]
[Black "Tissir, Mohamed"]
[Result "1/2-1/2"]
[WhiteElo "2394"]
[BlackElo "2436"]
[PlyCount "119"]
[EventDate "2004.01.27"]
[EventType "swiss"]
[EventRounds "10"]
[EventCountry "GGB"]
[SourceTitle "BritBase"]
[Source "www.saund.co.uk"]
[SourceDate "2018.02.10"]
[SourceVersion "1"]
[SourceVersionDate "2018.02.10"]
[SourceQuality "1"]

1. c4 Nf6 2. Nc3 g6 3. g3 Bg7 4. Bg2 O-O 5. d3 h6 6. Rb1 e5 7. b4 Re8 8. e4 a5
9. a3 axb4 10. axb4 Nc6 11. Nge2 Nd4 12. Nxd4 exd4 13. Ne2 c6 14. O-O d5 15.
exd5 cxd5 16. c5 Bg4 17. f3 Bd7 18. Bb2 Ra2 19. Qd2 Qe7 20. Nc1 Rxb2 21. Rxb2
Qe3+ 22. Qf2 h5 23. Re2 Bh6 24. f4 Qxf2+ 25. Rfxf2 Ra8 26. Ra2 Rb8 27. Nb3 Bg7
28. Ra7 Kh7 29. Re2 b6 30. Re7 bxc5 31. Rexd7 Nxd7 32. Rxd7 c4 33. dxc4 Rxb4
34. Bxd5 Rxb3 35. c5 Rc3 36. c6 d3 37. Bf3 Kh6 38. Kf2 Bf8 39. Rxf7 Bc5+ 40.
Ke1 d2+ 41. Kxd2 Rxf3 42. Rb7 Bd4 43. Rb4 Bc3+ 44. Ke2 Bxb4 45. Kxf3 Bd6 46.
Ke4 Bb8 47. Kd5 h4 48. Ke6 Kh5 49. Kf6 h3 50. Kg7 Bc7 51. Kf6 Ba5 52. Ke5 Kg4
53. Kf6 Kh5 54. f5 gxf5 55. Kxf5 Bd8 56. g4+ Kh6 57. g5+ Kg7 58. Kg4 Kg6 59.
Kxh3 Kxg5 60. c7 1/2-1/2

[Event "Gibtelecom Masters 2nd"]
[Site "Gibraltar"]
[Date "2004.02.02"]
[Round "7.18"]
[White "Kuzmin, Alexey"]
[Black "Seel, Christian"]
[Result "1-0"]
[WhiteElo "2570"]
[BlackElo "2380"]
[PlyCount "57"]
[EventDate "2004.01.27"]
[EventType "swiss"]
[EventRounds "10"]
[EventCountry "GGB"]
[SourceTitle "BritBase"]
[Source "www.saund.co.uk"]
[SourceDate "2018.02.10"]
[SourceVersion "1"]
[SourceVersionDate "2018.02.10"]
[SourceQuality "1"]

1. e4 e5 2. Nf3 d6 3. d4 exd4 4. Nxd4 Nf6 5. Nc3 Be7 6. Be2 O-O 7. O-O Re8 8.
f4 Bf8 9. Bf3 c5 10. Nde2 Nc6 11. f5 h6 12. Nf4 Nd4 13. Nfd5 Nxf3+ 14. gxf3 g6
15. Nxf6+ Qxf6 16. Nd5 Qd8 17. Kh1 Kh7 18. Qd3 gxf5 19. Bd2 Be6 20. Rg1 Bxd5
21. exd5 Qd7 22. Bc3 f6 23. Bxf6 c4 24. Qxc4 Qf7 25. Bc3 h5 26. Rg2 Bh6 27.
Rag1 Re7 28. Qh4 Rae8 29. Rg6 1-0

[Event "Gibtelecom Masters 2nd"]
[Site "Gibraltar"]
[Date "2004.02.02"]
[Round "7.21"]
[White "Muir, Andrew J"]
[Black "Shaw, John K"]
[Result "1-0"]
[WhiteElo "2303"]
[BlackElo "2465"]
[PlyCount "101"]
[EventDate "2004.01.27"]
[EventType "swiss"]
[EventRounds "10"]
[EventCountry "GGB"]
[SourceTitle "BritBase"]
[Source "www.saund.co.uk"]
[SourceDate "2018.02.10"]
[SourceVersion "1"]
[SourceVersionDate "2018.02.10"]
[SourceQuality "1"]

1. d4 d6 2. c4 e5 3. d5 f5 4. e4 fxe4 5. Nc3 Nf6 6. Nge2 Bf5 7. Ng3 Bg6 8. Qe2
c6 9. Ngxe4 Nbd7 10. g3 Nxe4 11. Nxe4 cxd5 12. cxd5 Be7 13. Bg2 O-O 14. O-O Rc8
15. Bh3 Rc7 16. f3 Nb6 17. Be6+ Bf7 18. Bxf7+ Rxf7 19. Qd3 Qd7 20. b3 Rf8 21.
Be3 Qf5 22. Kg2 Qf7 23. Bxb6 axb6 24. Rac1 Rfc8 25. Rc4 Rxc4 26. bxc4 Qe8 27.
Qb3 Ra8 28. Qxb6 Rxa2+ 29. Rf2 Rxf2+ 30. Kxf2 Qc8 31. Nxd6 Bxd6 32. Qxd6 Qxc4
33. Qb8+ Kf7 34. Qxb7+ Kf8 35. Qb8+ Kf7 36. Qxe5 Qc2+ 37. Kg1 Qd1+ 38. Kg2 Qd2+
39. Kh3 Qh6+ 40. Kg4 Qxh2 41. d6 Qa2 42. Qe7+ Kg6 43. Qe8+ Kf6 44. Qf8+ Ke5 45.
f4+ Kd4 46. Qxg7+ Kc5 47. Qc7+ Kb5 48. Qe7 Qh2 49. d7 h5+ 50. Kf5 Qxg3 51. d8=Q
1-0

[Event "Gibtelecom Masters 2nd"]
[Site "Gibraltar"]
[Date "2004.02.02"]
[Round "7.22"]
[White "Pogorelov, Ruslan"]
[Black "Swathi, Ghate"]
[Result "1-0"]
[WhiteElo "2451"]
[BlackElo "2297"]
[PlyCount "55"]
[EventDate "2004.01.27"]
[EventType "swiss"]
[EventRounds "10"]
[EventCountry "GGB"]
[SourceTitle "BritBase"]
[Source "www.saund.co.uk"]
[SourceDate "2018.02.10"]
[SourceVersion "1"]
[SourceVersionDate "2018.02.10"]
[SourceQuality "1"]

1. Nf3 d5 2. d4 c6 3. c4 e6 4. Nc3 Nf6 5. Bg5 h6 6. Bxf6 Qxf6 7. g3 Nd7 8. Bg2
g6 9. O-O Bg7 10. e4 dxc4 11. e5 Qd8 12. Ne4 O-O 13. Nd6 b5 14. a4 Qb6 15. b3
a5 16. axb5 cxb5 17. bxc4 b4 18. c5 Qc7 19. Nd2 Ba6 20. Re1 Rab8 21. Qa4 Bd3
22. Qxa5 Qxa5 23. Rxa5 b3 24. c6 b2 25. cxd7 b1=Q 26. Nxb1 Bxb1 27. Bb7 Bf5 28.
Rc1 1-0

[Event "Gibtelecom Masters 2nd"]
[Site "Gibraltar"]
[Date "2004.02.02"]
[Round "7.23"]
[White "Vijayalakshmi, Subbaraman"]
[Black "Fellousi, Abdelaziz"]
[Result "1-0"]
[WhiteElo "2444"]
[BlackElo "2188"]
[PlyCount "139"]
[EventDate "2004.01.27"]
[EventType "swiss"]
[EventRounds "10"]
[EventCountry "GGB"]
[SourceTitle "BritBase"]
[Source "www.saund.co.uk"]
[SourceDate "2018.02.10"]
[SourceVersion "1"]
[SourceVersionDate "2018.02.10"]
[SourceQuality "1"]

1. e4 e5 2. Nf3 Nf6 3. Nc3 Nc6 4. g3 Bc5 5. Bg2 d6 6. d3 a6 7. O-O O-O 8. h3 h6
9. Be3 Ba7 10. d4 exd4 11. Nxd4 Bd7 12. Nxc6 Bxc6 13. Bxa7 Rxa7 14. f4 Nd7 15.
Qd4 Ra8 16. Rad1 Qe7 17. Rfe1 Rfe8 18. Qf2 Qe6 19. b3 Qf6 20. Re3 Re7 21. a4
Nc5 22. Qd2 Rae8 23. Rde1 Qg6 24. Qd4 b6 25. Kh2 a5 26. R3e2 Ne6 27. Qf2 Nc5
28. g4 Qf6 29. Qg3 Qd4 30. Rd1 Qb4 31. e5 Bxg2 32. Kxg2 Qa3 33. Nd5 Rd7 34. Qc3
Ne6 35. f5 Nf8 36. e6 fxe6 37. fxe6 Rxe6 38. Rxe6 Nxe6 39. Qe3 Nf8 40. Ne7+
Rxe7 41. Qxe7 Qc5 42. Qe4 Nd7 43. Qd5+ Qxd5+ 44. Rxd5 Kf7 45. Kf3 Ke6 46. Rd2
d5 47. h4 c6 48. Re2+ Kf6 49. Re8 c5 50. h5 c4 51. bxc4 Ne5+ 52. Ke3 Nxc4+ 53.
Kd4 Nb2 54. Kxd5 Nxa4 55. Kc6 Kg5 56. Re6 Nb2 57. Rg6+ Kh4 58. Kb5 a4 59. Kb4
b5 60. Rxg7 Nc4 61. Kxb5 Na3+ 62. Kxa4 Nxc2 63. Re7 Kxg4 64. Re2 Nd4 65. Re4+
Kxh5 66. Rxd4 Kg5 67. Kb3 h5 68. Kc2 h4 69. Kd2 h3 70. Ke2 1-0

[Event "Gibtelecom Masters 2nd"]
[Site "Gibraltar"]
[Date "2004.02.02"]
[Round "7.24"]
[White "Arakhamia-Grant, Ketevan"]
[Black "Eckhardt, Lars"]
[Result "1/2-1/2"]
[WhiteElo "2435"]
[BlackElo "2096"]
[PlyCount "121"]
[EventDate "2004.01.27"]
[EventType "swiss"]
[EventRounds "10"]
[EventCountry "GGB"]
[SourceTitle "BritBase"]
[Source "www.saund.co.uk"]
[SourceDate "2018.02.10"]
[SourceVersion "1"]
[SourceVersionDate "2018.02.10"]
[SourceQuality "1"]

1. e4 c5 2. Nf3 Nc6 3. d4 cxd4 4. Nxd4 Nf6 5. Nc3 e5 6. Ndb5 d6 7. Nd5 Nxd5 8.
exd5 Nb8 9. c4 a6 10. Nc3 Be7 11. Be2 O-O 12. O-O Nd7 13. Kh1 f5 14. f4 Bf6 15.
Qc2 exf4 16. Bxf4 Be5 17. Bd3 Qf6 18. Rae1 Bxf4 19. Rxf4 Ne5 20. g3 Bd7 21.
Ref1 Qe7 22. Be2 Rae8 23. Qb3 Bc8 24. Qb6 Nd7 25. Qf2 g6 26. a4 a5 27. Bd1 Nc5
28. Bc2 Bd7 29. Qd2 h5 30. R4f3 Kg7 31. Nd1 b6 32. b4 axb4 33. Qxb4 Qd8 34. Nc3
Qc7 35. Rb1 Rb8 36. Qb2 Kf7 37. Re3 Na6 38. Bd3 Qc5 39. Rbe1 Rfe8 40. Rxe8 Rxe8
41. Rxe8 Bxe8 42. Qe2 Nc7 43. Bxf5 gxf5 44. Qxh5+ Kf6 45. Qh6+ Bg6 46. Qf8+ Bf7
47. Qd8+ Kg7 48. Qg5+ Kf8 49. Qh6+ Ke8 50. Qh8+ Ke7 51. Qh4+ Kd7 52. Qh7 Ke7
53. Qh4+ Kf8 54. Qh6+ Ke7 55. Qh4+ Ke8 56. Qh8+ Kd7 57. Qh7 Qf2 58. Qxf7+ Kc8
59. h4 Qf3+ 60. Kh2 Qf2+ 61. Kh3 1/2-1/2

[Event "Gibtelecom Masters 2nd"]
[Site "Gibraltar"]
[Date "2004.02.02"]
[Round "7.25"]
[White "Harstad, Christian"]
[Black "Speck, Nick"]
[Result "1-0"]
[WhiteElo "2113"]
[BlackElo "2381"]
[PlyCount "61"]
[EventDate "2004.01.27"]
[EventType "swiss"]
[EventRounds "10"]
[EventCountry "GGB"]
[SourceTitle "BritBase"]
[Source "www.saund.co.uk"]
[SourceDate "2018.02.10"]
[SourceVersion "1"]
[SourceVersionDate "2018.02.10"]
[SourceQuality "1"]

1. d4 Nf6 2. c4 e6 3. Nc3 Bb4 4. Qc2 c5 5. dxc5 Na6 6. a3 Bxc3+ 7. Qxc3 Nxc5 8.
b4 Nce4 9. Qc2 d5 10. f3 Nd6 11. c5 Nf5 12. e3 Nd7 13. Bd3 Qh4+ 14. Qf2 Qf6 15.
Bb2 e5 16. g4 Nh4 17. f4 h6 18. fxe5 Qe7 19. Qg3 O-O 20. O-O-O a5 21. g5 hxg5
22. Nh3 g4 23. Rhg1 f5 24. exf6 Nxf6 25. Qxh4 Qxe3+ 26. Kb1 Qxh3 27. Qg5 axb4
28. Rgf1 Rxa3 29. Rxf6 Rxf6 30. Bxf6 Qh6 31. Qxd5+ 1-0

[Event "Gibtelecom Masters 2nd"]
[Site "Gibraltar"]
[Date "2004.02.02"]
[Round "7.26"]
[White "Mohota, Nisha"]
[Black "Fossum, Oystein Boyum"]
[Result "0-1"]
[WhiteElo "2337"]
[BlackElo "2126"]
[PlyCount "86"]
[EventDate "2004.01.27"]
[EventType "swiss"]
[EventRounds "10"]
[EventCountry "GGB"]
[SourceTitle "BritBase"]
[Source "www.saund.co.uk"]
[SourceDate "2018.02.10"]
[SourceVersion "1"]
[SourceVersionDate "2018.02.10"]
[SourceQuality "1"]

1. d4 f5 2. Nf3 g6 3. g3 Nf6 4. Bg2 Bg7 5. O-O O-O 6. b3 h6 7. Bb2 Qe8 8. c4 d6
9. Nbd2 g5 10. e3 f4 11. exf4 gxf4 12. d5 c6 13. Nd4 Bg4 14. Qc2 cxd5 15. cxd5
Qh5 16. Rfe1 Nbd7 17. Rxe7 Rac8 18. Nc4 Ne5 19. f3 fxg3 20. hxg3 b5 21. Nxb5
Nxf3+ 22. Bxf3 Bxf3 23. Rxg7+ Kxg7 24. Qh2 Qxh2+ 25. Kxh2 Bxd5 26. Nbxd6 Rcd8
27. Rf1 Kg6 28. Rf4 h5 29. Kg1 Ng4 30. Ne5+ Nxe5 31. Bxe5 Rxf4 32. Bxf4 a6 33.
Kf2 Kf6 34. Ke3 Ke6 35. Nc4 Bxc4 36. bxc4 Rd1 37. c5 Ra1 38. c6 Rxa2 39. Kd3
Rb2 40. Kd4 a5 41. Kc3 Rb1 42. Kc2 Rb5 43. c7 Kd7 0-1

[Event "Gibtelecom Masters 2nd"]
[Site "Gibraltar"]
[Date "2004.02.02"]
[Round "7.27"]
[White "Poluljahov, Aleks"]
[Black "Agdestein, Emil"]
[Result "1-0"]
[WhiteElo "2526"]
[BlackElo "1999"]
[PlyCount "65"]
[EventDate "2004.01.27"]
[EventType "swiss"]
[EventRounds "10"]
[EventCountry "GGB"]
[SourceTitle "BritBase"]
[Source "www.saund.co.uk"]
[SourceDate "2018.02.10"]
[SourceVersion "1"]
[SourceVersionDate "2018.02.10"]
[SourceQuality "1"]

1. c4 e5 2. Nc3 Nc6 3. Nf3 Bc5 4. e3 d6 5. a3 a5 6. Be2 Nge7 7. O-O O-O 8. h3
Ng6 9. d4 Bb6 10. Nd5 Ba7 11. b4 Be6 12. Bb2 axb4 13. axb4 Bxd5 14. cxd5 Nce7
15. Qb3 f6 16. Ra5 Bb6 17. Rxa8 Qxa8 18. dxe5 fxe5 19. Nxe5 Nxe5 20. Bxe5 Ng6
21. Bb2 Qd8 22. Qc3 Qe7 23. Bg4 Ne5 24. Be6+ Kh8 25. f4 Ng6 26. Kh2 Ne5 27. e4
h5 28. Bf5 Rxf5 29. exf5 Nd7 30. Re1 Qf7 31. Qg3 Kh7 32. Qg5 Nf6 33. Re6 1-0

[Event "Gibtelecom Masters 2nd"]
[Site "Gibraltar"]
[Date "2004.02.02"]
[Round "7.28"]
[White "Roberts, Paul"]
[Black "Vinas Guerrero, Carlos A"]
[Result "1/2-1/2"]
[WhiteElo "2242"]
[BlackElo "2098"]
[PlyCount "89"]
[EventDate "2004.01.27"]
[EventType "swiss"]
[EventRounds "10"]
[EventCountry "GGB"]
[SourceTitle "BritBase"]
[Source "www.saund.co.uk"]
[SourceDate "2018.02.10"]
[SourceVersion "1"]
[SourceVersionDate "2018.02.10"]
[SourceQuality "1"]

1. d4 d5 2. Nf3 Nf6 3. Bf4 e6 4. e3 c5 5. Nbd2 Bd6 6. Bg3 O-O 7. c3 Nc6 8. Bd3
Re8 9. Ne5 Bxe5 10. dxe5 Nd7 11. f4 c4 12. Bc2 Qb6 13. O-O Qxe3+ 14. Bf2 Qxf4
15. Bd4 Qh6 16. Rf3 g6 17. Rh3 Qg7 18. Nf3 Ndxe5 19. Nxe5 Nxe5 20. Qe2 f6 21.
g4 Nc6 22. Be3 e5 23. Rf1 e4 24. Rg3 Be6 25. b3 b5 26. bxc4 bxc4 27. Ba4 Ne5
28. Bxe8 Rxe8 29. Bd4 Rf8 30. h3 Nc6 31. Qf2 Nxd4 32. Qxd4 f5 33. gxf5 Qxd4+
34. cxd4 Bxf5 35. Ra3 Rf7 36. Rb1 Re7 37. Rb8+ Kf7 38. Ra8 e3 39. R8xa7 Bd7 40.
Kf1 Bxh3+ 41. Ke1 Bd7 42. R7a5 Ke6 43. Ra6+ Kf5 44. R6a5 Ke6 45. Ra6+ 1/2-1/2

[Event "Gibtelecom Masters 2nd"]
[Site "Gibraltar"]
[Date "2004.02.02"]
[Round "7.29"]
[White "Osuna Vega, Enrique"]
[Black "Heyl, Thomas"]
[Result "1-0"]
[WhiteElo "2209"]
[BlackElo "2059"]
[PlyCount "93"]
[EventDate "2004.01.27"]
[EventType "swiss"]
[EventRounds "10"]
[EventCountry "GGB"]
[SourceTitle "BritBase"]
[Source "www.saund.co.uk"]
[SourceDate "2018.02.10"]
[SourceVersion "1"]
[SourceVersionDate "2018.02.10"]
[SourceQuality "1"]

1. Nf3 d5 2. d3 Nf6 3. Nbd2 Nbd7 4. e4 e5 5. c3 c6 6. Be2 Bd6 7. Qc2 O-O 8. Nf1
Re8 9. h3 c5 10. g4 c4 11. Ng3 cxd3 12. Bxd3 Nc5 13. Bg5 h6 14. Be3 Be6 15.
Bxc5 Bxc5 16. O-O dxe4 17. Nxe4 Nxe4 18. Bxe4 Bd5 19. Rfe1 Bxe4 20. Rxe4 Qf6
21. Qe2 Bd6 22. Re1 Rad8 23. Kg2 b6 24. Nd4 Rd7 25. f4 Bc5 26. Nf3 Qd8 27. fxe5
Re6 28. b4 Bf8 29. Nd4 Rg6 30. e6 fxe6 31. Rxe6 Qa8+ 32. Kg1 Rg5 33. Re8 Rd8
34. Rxd8 Qxd8 35. Ne6 Qd6 36. Nxg5 Qg3+ 37. Kh1 hxg5 38. Qe3 Qc7 39. Rf1 Qc4
40. Rd1 Qxa2 41. Rd8 Qf7 42. Kg2 Kh7 43. Qxg5 Be7 44. Rd7 Qa2+ 45. Rd2 Qe6 46.
Qh5+ Kg8 47. Qd5 1-0

[Event "Gibtelecom Masters 2nd"]
[Site "Gibraltar"]
[Date "2004.02.02"]
[Round "7.30"]
[White "Bolt, Graham"]
[Black "Dunn, Andrew"]
[Result "1/2-1/2"]
[WhiteElo "2095"]
[BlackElo "2205"]
[PlyCount "44"]
[EventDate "2004.01.27"]
[EventType "swiss"]
[EventRounds "10"]
[EventCountry "GGB"]
[SourceTitle "BritBase"]
[Source "www.saund.co.uk"]
[SourceDate "2018.02.10"]
[SourceVersion "1"]
[SourceVersionDate "2018.02.10"]
[SourceQuality "1"]

1. e4 c6 2. d4 d5 3. exd5 cxd5 4. c4 Nf6 5. Nc3 e6 6. c5 Be7 7. Bb5+ Bd7 8.
Bxd7+ Qxd7 9. Nf3 Nc6 10. a3 Ne4 11. Qc2 Bf6 12. Be3 Nxc3 13. Qxc3 a5 14. O-O
a4 15. b4 axb3 16. Qxb3 O-O 17. Rfb1 Ra7 18. Qb5 Rfa8 19. g3 Qe7 20. a4 h6 21.
Ra2 g5 22. Rd1 Bg7 1/2-1/2

[Event "Gibtelecom Masters 2nd"]
[Site "Gibraltar"]
[Date "2004.02.02"]
[Round "7.31"]
[White "Nadig, Kruttika"]
[Black "Milligan, Helen"]
[Result "1/2-1/2"]
[WhiteElo "2159"]
[BlackElo "2076"]
[PlyCount "85"]
[EventDate "2004.01.27"]
[EventType "swiss"]
[EventRounds "10"]
[EventCountry "GGB"]
[SourceTitle "BritBase"]
[Source "www.saund.co.uk"]
[SourceDate "2018.02.10"]
[SourceVersion "1"]
[SourceVersionDate "2018.02.10"]
[SourceQuality "1"]

1. e4 c5 2. Nf3 Nc6 3. d4 cxd4 4. Nxd4 Nf6 5. Nc3 e5 6. Ndb5 d6 7. Bg5 a6 8.
Na3 b5 9. Bxf6 gxf6 10. Nd5 Bg7 11. c3 f5 12. Bd3 Be6 13. Qh5 Rc8 14. O-O h6
15. Nc2 O-O 16. Nce3 fxe4 17. Bxe4 Ne7 18. Nxe7+ Qxe7 19. Rad1 Rcd8 20. Rd3 Qg5
21. Qxg5 hxg5 22. g4 Bc4 23. Rfd1 Bxd3 24. Rxd3 Rfe8 25. Nd5 Rc8 26. Ne3 Bf8
27. Bb7 Rb8 28. Bxa6 e4 29. Rd2 Re5 30. c4 bxc4 31. Bxc4 Rc5 32. b3 Kg7 33.
Nf5+ Kf6 34. Nxd6 Bxd6 35. Rxd6+ Ke5 36. Rd7 f6 37. Kg2 Ra8 38. a4 Rxc4 39.
bxc4 Rxa4 40. Rd5+ Ke6 41. Kg3 Ra3+ 42. Kg2 Ra2 43. Kg3 1/2-1/2

[Event "Gibtelecom Masters 2nd"]
[Site "Gibraltar"]
[Date "2004.02.03"]
[Round "8.2"]
[White "Kunte, Abhijit"]
[Black "Ganguly, Surya Shekhar"]
[Result "1/2-1/2"]
[WhiteElo "2512"]
[BlackElo "2541"]
[PlyCount "138"]
[EventDate "2004.01.27"]
[EventType "swiss"]
[EventRounds "10"]
[EventCountry "GGB"]
[SourceTitle "BritBase"]
[Source "www.saund.co.uk"]
[SourceDate "2018.02.10"]
[SourceVersion "1"]
[SourceVersionDate "2018.02.10"]
[SourceQuality "1"]

1. Nf3 d5 2. d4 Nf6 3. c4 dxc4 4. e3 e6 5. Bxc4 c5 6. O-O a6 7. dxc5 Qxd1 8.
Rxd1 Bxc5 9. Nbd2 O-O 10. Be2 Rd8 11. b3 b6 12. Bb2 Bb7 13. Ne1 Nbd7 14. Nd3
Be7 15. Nc4 Rac8 16. Rac1 Ba8 17. Bd4 b5 18. Nb6 Nxb6 19. Bxb6 Re8 20. Bc5 Kf8
21. f3 Nd7 22. Bxe7+ Kxe7 23. Kf2 Bb7 24. e4 f6 25. Ke3 Rxc1 26. Rxc1 Rc8 27.
Rxc8 Bxc8 28. b4 Ne5 29. Nc5 Nc6 30. a3 e5 31. Kd3 Kd6 32. Kc3 Nd4 33. Bd3 g5
34. Nb3 Nxb3 35. Kxb3 Bd7 36. Kc3 Bc8 37. Kd2 Ke7 38. Ke3 Kf7 39. g3 Kg6 40.
Bc2 Be6 41. Bd1 Kf7 42. f4 Kf8 43. Bh5 Bd7 44. Kf2 Kg7 45. Kf3 Bc8 46. Be8 Kf8
47. Bc6 Ke7 48. Bd5 Kf8 49. Ke3 Kg7 50. Kf2 Kg6 51. Kf3 Kh6 52. Ke3 Kg7 53. f5
Kf8 54. Kd3 Ke7 55. Bg8 h6 56. Ke3 Bb7 57. Kf3 Bc6 58. Be6 Bb7 59. Ke3 Kd6 60.
Bb3 Bc6 61. Bc2 Ke7 62. Kd3 Kd6 63. Kc3 Kc7 64. Bd3 Kb6 65. Kd2 Kc7 66. Ke3 Kd6
67. Bc2 Ke7 68. Kd3 Kd6 69. Bd1 Ke7 1/2-1/2

[Event "Gibtelecom Masters 2nd"]
[Site "Gibraltar"]
[Date "2004.02.03"]
[Round "8.4"]
[White "Sandipan, Chanda"]
[Black "Epishin, Vladimir"]
[Result "1/2-1/2"]
[WhiteElo "2524"]
[BlackElo "2633"]
[PlyCount "124"]
[EventDate "2004.01.27"]
[EventType "swiss"]
[EventRounds "10"]
[EventCountry "GGB"]
[SourceTitle "BritBase"]
[Source "www.saund.co.uk"]
[SourceDate "2018.02.10"]
[SourceVersion "1"]
[SourceVersionDate "2018.02.10"]
[SourceQuality "1"]

1. e4 c5 2. Nf3 e6 3. d4 cxd4 4. Nxd4 a6 5. Bd3 Bc5 6. Be3 d6 7. Nd2 Nd7 8. Qg4
Qf6 9. N2b3 e5 10. Ne2 Ne7 11. Qg3 Bxe3 12. Qxe3 O-O 13. O-O b6 14. Nd2 Nc5 15.
b4 Nxd3 16. cxd3 d5 17. f4 Qh6 18. Rac1 Bg4 19. h3 Bxe2 20. Qxe2 exf4 21. Qf2
Rac8 22. Rxc8 Rxc8 23. Qxf4 Qxf4 24. Rxf4 Rc2 25. exd5 Rxd2 26. d6 Kf8 27.
dxe7+ Kxe7 28. Re4+ Kf8 29. a4 Rxd3 30. Rc4 Ke7 31. Rc6 Rd6 32. Rc7+ Ke6 33.
Ra7 b5 34. axb5 axb5 35. Rb7 Rd5 36. Rb6+ Kf5 37. Rb7 Kg6 38. Kf2 h5 39. g3 Kf6
40. Rb6+ Kg5 41. Rb7 Rf5+ 42. Ke3 g6 43. Rb6 f6 44. Rc6 h4 45. g4 Rf1 46. Rc5+
f5 47. Rxb5 Rh1 48. gxf5 gxf5 49. Rb8 Rxh3+ 50. Kf2 Rb3 51. b5 h3 52. b6 Kf4
53. b7 h2 54. Kg2 Rh3 55. Kh1 Rh7 56. Ra8 Rxb7 57. Kxh2 Rb2+ 58. Kg1 Re2 59.
Ra5 Ke4 60. Kf1 Rd2 61. Ke1 Rc2 62. Ra3 Kf4 1/2-1/2

[Event "Gibtelecom Masters 2nd"]
[Site "Gibraltar"]
[Date "2004.02.03"]
[Round "8.6"]
[White "Chandler, Murray"]
[Black "Hebden, Mark"]
[Result "1-0"]
[WhiteElo "2508"]
[BlackElo "2549"]
[PlyCount "73"]
[EventDate "2004.01.27"]
[EventType "swiss"]
[EventRounds "10"]
[EventCountry "GGB"]
[SourceTitle "BritBase"]
[Source "www.saund.co.uk"]
[SourceDate "2018.02.10"]
[SourceVersion "1"]
[SourceVersionDate "2018.02.10"]
[SourceQuality "1"]

1. e4 e5 2. Nf3 Nc6 3. Bb5 a6 4. Ba4 Nf6 5. O-O Be7 6. Re1 b5 7. Bb3 O-O 8. c3
d5 9. exd5 Nxd5 10. Nxe5 Nxe5 11. Rxe5 c6 12. Re1 Bd6 13. d3 Bf5 14. Qf3 Re8
15. Rxe8+ Qxe8 16. Nd2 Qe1+ 17. Nf1 Bg6 18. Bxd5 cxd5 19. Qxd5 Rd8 20. Bg5 Qxa1
21. Bxd8 Bf8 22. f4 Qxb2 23. g4 h5 24. f5 Bh7 25. g5 Qxc3 26. Bb6 Kh8 27. Bd4
Qb4 28. Ne3 Qe1+ 29. Kg2 Qe2+ 30. Kh3 Bg8 31. f6 g6 32. Qe4 Bd6 33. Be5 Bxe5
34. Qxe5 Qxd3 35. Kg3 Qa3 36. Kf3 Qxa2 37. Qd6 1-0

[Event "Gibtelecom Masters 2nd"]
[Site "Gibraltar"]
[Date "2004.02.03"]
[Round "8.8"]
[White "Vasilevich, Tatjana"]
[Black "Motwani, Paul"]
[Result "0-1"]
[WhiteElo "2393"]
[BlackElo "2537"]
[PlyCount "74"]
[EventDate "2004.01.27"]
[EventType "swiss"]
[EventRounds "10"]
[EventCountry "GGB"]
[SourceTitle "BritBase"]
[Source "www.saund.co.uk"]
[SourceDate "2018.02.10"]
[SourceVersion "1"]
[SourceVersionDate "2018.02.10"]
[SourceQuality "1"]

1. d4 Nc6 2. c4 e5 3. d5 Nce7 4. e4 Ng6 5. Be3 Bb4+ 6. Nd2 Nf6 7. f3 Qe7 8. g3
O-O 9. Nh3 c6 10. Nf2 b5 11. dxc6 dxc6 12. cxb5 cxb5 13. Bxb5 Rb8 14. Bd3 Rd8
15. O-O h5 16. h4 Bc5 17. Bxc5 Qxc5 18. Nb3 Qe7 19. Qe2 Nh7 20. Kg2 Rb6 21. Rh1
Nhf8 22. Bc4 Ne6 23. Qe3 Nef4+ 24. Kf1 Rc6 25. Bb5 Rc2 26. Rc1 Rxb2 27. gxf4
Nxf4 28. Nd3 Rxa2 29. Nxf4 exf4 30. Qc5 Qf6 31. Qg5 Qd6 32. Qd5 Ba6 33. Nd4 Qa3
34. Qxd8+ Kh7 35. Ne2 Qxf3+ 36. Kg1 Qe3+ 37. Kf1 Bxb5 0-1